Stranger Things Season 2 Character Episodes - Statistics

General Stats
  • This quiz has been taken 68 times
    14 since last reset
  • The average score is 25 of 44
Answer Stats
Hint Answer % Correct
2/9 Mick
100%
8/9 Eleven
91%
9/9 Jim Hopper
91%
8/9 Jonathan Byers
91%
8/9 Lucas Sinclair
91%
8/9 Max Mayfield
91%
9/9 Mike Wheeler
91%
8/9 Nancy Wheeler
91%
8/9 Will Byers
91%
8/9 Billy Hargrove
82%
6/9 Bob Newby
82%
8/9 Dustin Henderson
82%
8/9 Joyce Byers
82%
7/9 Karen Wheeler
82%
5/9 Ted Wheeler
82%
4/9 Erica Sinclair
73%
3/9 Holly Wheeler
73%
8/9 Sam Owens
64%
8/9 Steve Harrington
64%
3/9 Terry Ives
64%
4/9 Murray Bauman
55%
4/9 Scott Clarke
55%
2/9 Becky Ives
45%
1/9 Charles Sinclair
45%
6/9 Claudia Henderson
45%
4/9 Eight
45%
1/9 Neil Hargrove
45%
2/9 Sue Sinclair
45%
2/9 Susan Hargrove
45%
2/9 Carol
36%
3/9 Florence
36%
2/9 Keith
36%
3/9 Officer Callahan
36%
3/9 Officer Powell
36%
2/9 Tina
36%
3/9 Tommy
36%
2/9 Axel
27%
2/9 Dottie
27%
2/9 Funshine
27%
3/9 Marsha Holland
27%
3/9 Mews
27%
2/9 Dr Martin Brenner
9%
1/9 Donald Melvald
0%
1/9 Russell Coleman
0%
No matching quizzes found
Score Distribution
Percent of People with Each Score
Percentile by Number Answered
Your Score History
You have not taken this quiz since the last reset